| 000 -LEADER |
| fixed length control field |
01773nam a22001457a 4500 |
| 008 - FIXED-LENGTH DATA ELEMENTS--GENERAL INFORMATION |
| fixed length control field |
201031b ||||| |||| 00| 0 eng d |
| 100 ## - MAIN ENTRY--PERSONAL NAME |
| Personal name |
Morgan, Sanchez Mayra and Winkler, Richelle L. |
| 245 ## - TITLE STATEMENT |
| Title |
The third shift?: Gender and empowerment in a women’s ecotourism cooperative |
| 260 ## - PUBLICATION, DISTRIBUTION, ETC. (IMPRINT) |
| Place of publication, distribution, etc |
Rural Sociology |
| 300 ## - PHYSICAL DESCRIPTION |
| Extent |
85(1), Mar, 2020: p.137-164 |
| 520 ## - SUMMARY, ETC. |
| Summary, etc |
Ecotourism is lauded as a path toward sustainable development and women’s empowerment in rural areas around the world, but little is known about how gendered expectations shape its processes and outcomes. This paper employs an in‐depth qualitative case study of a female‐only ecotourism cooperative in rural Mexico to investigate how local gender dynamics influence women’s opportunities to benefit from ecotourism development. Findings show that women’s family and work commitments prevent their ability to devote the resources and energy necessary to make the cooperative successful. In this context, women are first expected to be wives and mothers, and to fulfill the substantial daily expectations associated with those roles. In addition, most women work outside the home. This leaves little time or energy for a “third shift” as ecotourism entrepreneurs running their own cooperative. Women put their own interests and goals on the back burner, because of the demands of the first two shifts. If ecotourism is to empower women, localized gender structures must be understood and addressed. Overlooking these challenges can mean that ecotourism projects, even those specifically aimed at empowering women, may only further burden women and reinforce gender models that perpetuate inequality. -Reproduced |
| 773 ## - HOST ITEM ENTRY |
| Main entry heading |
Rural Sociology |
| 906 ## - LOCAL DATA ELEMENT F, LDF (RLIN) |
| Subject DIP |
ECOTOURISM |
| 942 ## - ADDED ENTRY ELEMENTS (KOHA) |
| Item type |
Articles |